000 00849nam a2200229Ii 4500
003 JO-AjNU
008 230605s9999||||xx |||||||||||||| ||und||
017 _a2002/3894
020 _a977-5723-66-3
040 _aJO-AjNU
_bara
_erda
_cJO-AjNU
041 _aara
050 1 4 _aHF5679.T8284 2002
100 3 _aطعيمة، ثناء محمد,
_eauthor
_932398
245 0 0 _aنظم المعلومات المحاسبية في تقييم المشروعات الاستثمارية
250 _aط1
264 3 1 _aالقاهرة: ايتراك للنشر والتوزيع، 2002
300 _a174ص
_bيحتوي على ملاحق و ببلوغرافية من ص 167-174ص
336 _atext
_btxt
_2rdacontent
337 _aunmediated
_bn
_2rdamedia
338 _avolume
_bnc
_2rdacarrier
650 4 _aالمحاسبة- نظم المعلومات
_932399
999 _aA13074
_c16642
_d16642